|
|
|
|
| LEADER |
00000nam0a2200000 4500 |
| 001 |
27379 |
| 005 |
20231030202142.0 |
| 010 |
|
|
|a 5769505389
|
| 010 |
|
|
|a 5-294-00049-0
|
| 010 |
|
|
|a 5-06-003893-9
|
| 035 |
|
|
|a (RuTPU)RU\TPU\book\27629
|
| 035 |
|
|
|a BOOK00027704
|
| 090 |
|
|
|a 27379
|
| 100 |
|
|
|a 20011209d2001 m y0rusy50 ca
|
| 101 |
0 |
|
|a rus
|
| 102 |
|
|
|a RU
|
| 105 |
|
|
|a a j 001zy
|
| 200 |
1 |
|
|a Основы военной службы
|e учебное пособие для профтехобразования
|f А. Т. Смирнов, Б. И. Мишин, В. А. Васнев
|
| 205 |
|
|
|a 2-е изд., стереотип.
|
| 210 |
|
|
|a Москва
|c Академия
|d 2001
|c Мастерство
|c Высшая школа
|
| 215 |
|
|
|a 240 с.
|c ил.
|
| 225 |
1 |
|
|a Среднее профессиональное образование
|
| 320 |
|
|
|a Библиогр.: с. 236.
|
| 610 |
1 |
|
|a военное дело
|
| 610 |
1 |
|
|a военная служба
|
| 610 |
1 |
|
|a армия
|
| 610 |
1 |
|
|a Россия
|
| 610 |
1 |
|
|a Российская Федерация
|
| 610 |
1 |
|
|a вооруженные силы
|
| 610 |
1 |
|
|a воинская честь
|
| 610 |
1 |
|
|a воинская обязанность
|
| 610 |
1 |
|
|a военнослужащие
|
| 610 |
1 |
|
|a право
|
| 610 |
1 |
|
|a уставы
|
| 610 |
1 |
|
|a учебные пособия
|
| 686 |
|
|
|a Ц4,6(2)24я73
|v LBC/SL-A
|2 rubbk
|
| 700 |
|
1 |
|a Смирнов
|b А. Т.
|g Анатолий Тихонович
|
| 701 |
|
1 |
|a Мишин
|b Б. И.
|g Борис Иванович
|
| 701 |
|
1 |
|a Васнев
|b В. А.
|g Виктор Алексеевич
|
| 801 |
|
0 |
|a RU
|b 63413507
|c 20011209
|g PSBO
|
| 801 |
|
2 |
|a RU
|b 63413507
|c 20161208
|g PSBO
|
| 942 |
|
|
|c BK
|